Pioneros del diseño moderno: de William Morris a Walter Gropius

Uloženo v:
Podrobná bibliografie
Hlavní autor: Pevsner, Nikolaus (Autor)
Médium: Kniha
Jazyk:španělština
Vydáno: Buenos Aires Infinito 2003
Vydání:4a. ed
Témata:
Tagy: Přidat tag
Žádné tagy, Buďte první, kdo vytvoří štítek k tomuto záznamu!

MARC

LEADER 00000cam a2200000 a 4500
001 UCI4905
003 CL-VaPUC
008 080307e20030000AG |||||||||||||||||spa|d
020 |a 9879393031 
082 0 4 |a 745.444  |b PEV  |2 21 
100 0 |a Pevsner, Nikolaus  |e author  |9 526990 
245 1 0 |a Pioneros del diseño moderno: de William Morris a Walter Gropius 
250 |a 4a. ed 
300 |a 208 p 
942 |c BK 
945 |d 20080307 00:00:00  |a cmena 
260 |a Buenos Aires  |b Infinito  |c 2003 
650 0 |a Artes decorativas  |9 266306 
650 0 |a Diseño gráfico  |9 266874 
650 0 |a Diseño industrial  |9 262726 
650 0 |a Diseño arquitectónico   |9 265271 
650 0 |a Arte moderno  |9 265333 
650 0 |a Historia del arte  |9 314877 
583 |a last modification  |c 20121002 01:57:51  |k Rodrigo Vera 
999 |c 328741  |d 328739 
952 |0 0  |1 0  |4 0  |6 745_444000000000000_PEV_2003  |7 0  |8 A  |9 412813  |a BIBARQ  |b BIBARQ  |d 2019-11-22  |i 4412257  |l 3  |o 745.444 PEV 2003  |p 4412257  |r 2025-01-20  |s 2021-10-18  |w 2019-11-22  |y BK  |k ARQ 
952 |0 0  |1 0  |4 0  |6 745_444000000000000_PEV_2003  |7 0  |8 R  |9 412814  |a BIBART  |b BIBART  |d 2019-11-22  |i 4912748  |l 2  |o 745.444 PEV 2003  |p 4912748  |r 2025-03-13  |s 2022-04-12  |w 2019-11-22  |y BK_R  |k ART